| 000 | 00728nam a2200229Ia 4500 | ||
|---|---|---|---|
| 003 | BUBTL | ||
| 008 | 151213s9999 xx 000 0 und d | ||
| 020 | _a81-298-0063-8 | ||
| 082 | _a659.1/WIA | ||
| 100 |
_aWilliam Wells , John Burnett , Sandru Mariarty _92630 |
||
| 245 |
_aAdvertising Principle & Practice _cWilliam Wells , John Burnett , Sandru Mariarty |
||
| 250 | _a6th | ||
| 260 |
_aIndia _bPearson Education _c2003 |
||
| 300 |
_a[xxxi],572.: _b21cm. _cMarketing. |
||
| 500 | _aIncludes Index. | ||
| 650 |
_aMarketing _92631 |
||
| 650 |
_aMarketing _92631 |
||
| 700 |
_aWilliam Wells , John Burnett , Sandru Mariarty _92630 |
||
| 856 |
_k0 _l0 _yDownload |
||
| 942 |
_2ddc _cBK |
||
| 999 |
_c3112 _d3112 |
||